1679 1041 1452 1042 1632 1472 1113 1452 1451 1194 1417 1281 1255 1479 1240 1554 1721 1119 1402 1615 1874 1479 1036 1650 1643 1070 1672 1282 1438 1033 1076 1597 1184 1971 1880 1620 1672 1739 1028 1194 1232 1733 1616 1831 1776 1733 1452 1650 1046 1222 1207 1678 1941 1586 1806 1641 1045 1941 1388 1716 1636 1016 1778 1725 1288 1749 1789 1373 1844 1698 1740 1687 1713 1447 1398 1265 1611 1122 1948 1212 1793 1731 1388 1310 1064 1882 1347 1590 1195 1160 1199 1628 1707 1198 1596 1891 1372 1970 1726 BCNSPRNW ULIB Ver.6.0+V

เปลี่ยนเป็นภาษาไทย

Change to English
 แสดงรายละเอียดบรรณานุกรม
  กลับหน้าหลัก

Brief Record : Get Marc (ISO 2709) : E-mail record : QR code < ปิดหน้าต่าง
LEADER : 00000nam 2200000uu 4500
001    13399124162
003     ULIB
008    150122s2556||||th 000 0 tha d
020    ^a9786163482594
060 04 ^aWF200^bส453ย
100 0  ^aสมชาย สวัสดี
245 10 ^aยาแอโรโซลและระบบหายใจ/^cสมชาย สวัสดี และ ธีระพล ศรีชนะ
250    ^aพิมพ์ครั้งที่ 1.
260    ^aสงขลา :^bพีซี โปรสเปค^c2556
300    ^a204 หน้า :^bภาพประกอบ ;^c30 ซม
504    ^aมีบรรณานุกรมและดัชนี
650  7 ^aยารักษาโรคระบบหายใจ
650  7 ^aระบบหายใจ, โรค^xการรักษาด้วยยา
650  7 ^aยาแอโรโซล
700 0  ^aธีระพล ศรีชนะ
710 2  ^aมหาวิทยาลัยสงขลานครินทร์
945    ^p200^l0^i038742
945    ^p200^l0^i038743
945    ^p200^l0^i038744
945    ^p200^l0^i038745
945    ^p200^l0^i038746
999    ^aเกษร โพธิ์สุวรรณ
รายการนี้ยังไม่มีแท็ก
คุณยังไม่ได้ล็อกอิน คุณสามารถมีกิจกรรมร่วมกับเว็บไซต์ได้ แต่ต้องล็อกอินก่อน ::
  ล็อกอิน

รายการสื่อสารสนเทศ

ลำดับที่ ประเภท เลขเรียก/บาร์โค้ด สถานที่ สถานะ
1. การศึกษาทั่วไป
หนังสือสำรอง
สถานะ=หนังสือสำรอง
WF200 ส453ย ฉ.1 
  Barcode: 038742
ห้องสมุดวิทยาเขตสวรรค์ประชารักษ์
►ส่วนจัดเก็บหนังสือเก่า สปร
บนชั้น
  ขอยืม
2. การศึกษาทั่วไป
การศึกษาทั่วไป
WF200 ส453ย ฉ.2 
  Barcode: 038743
ห้องสมุดวิทยาเขตสวรรค์ประชารักษ์
►ส่วนจัดเก็บหนังสือเก่า สปร
บนชั้น
  ขอยืม
3. การศึกษาทั่วไป
การศึกษาทั่วไป
WF200 ส453ย ฉ.3 
  Barcode: 038744
ห้องสมุดวิทยาเขตสวรรค์ประชารักษ์
►ส่วนจัดเก็บหนังสือเก่า สปร
บนชั้น
  ขอยืม
4. การศึกษาทั่วไป
การศึกษาทั่วไป
WF200 ส453ย ฉ.4 
  Barcode: 038745
ห้องสมุดวิทยาเขตสวรรค์ประชารักษ์
►ส่วนจัดเก็บหนังสือเก่า สปร
บนชั้น
  ขอยืม
5. การศึกษาทั่วไป
การศึกษาทั่วไป
WF200 ส453ย ฉ.5 
  Barcode: 038746
ห้องสมุดวิทยาเขตสวรรค์ประชารักษ์
►ส่วนจัดเก็บหนังสือเก่า สปร
บนชั้น
  ขอยืม

รายการใกล้เคียง
    ผู้แต่ง [สมชาย สวัสดี]

    หัวเรื่อง [ยารักษาโรคระบบหายใจ]
    หัวเรื่อง [ยาแอโรโซล]

BibComment


ยังไม่เคยถูกคอมเมนท์

คอมเมนท์ทรัพยากรรายการนี้
  คอมเมนท์: ยาแอโรโซลและระบบ..


 Copyright 2026. Bcnsprnw @Library